La bibliofilia, una pasión-- (Record no. 186716)

MARC details
000 -LEADER
campo de control de longitud fija 00894nam a2200265 i 4500
001 - NÚMERO DE CONTROL
campo de control 186716
003 - IDENTIFICADOR DE NÚMERO DE CONTROL
campo de control SpMaBN
005 - FECHA Y HORA DE LA ÚLTIMA TRANSACCIÓN
campo de control 20250930063159.0
008 - DATOS DE LONGITUD FIJA--INFORMACIÓN GENERAL
campo de control de longitud fija 170208s2004 sp d |||| | spa d
020 ## - NÚMERO INTERNACIONAL ESTÁNDAR DEL LIBRO
Número Internacional Estándar del Libro 84-407-1285-5
080 ## - NÚMERO DE LA CLASIFICACIÓN DECIMAL UNIVERSAL
Número de la Clasificación Decimal Universal 090.1(038)
080 ## - NÚMERO DE LA CLASIFICACIÓN DECIMAL UNIVERSAL
Número de la Clasificación Decimal Universal 002(091)(038)
100 1# - ENTRADA PRINCIPAL--NOMBRE DE PERSONA
Nombre de persona Ruiz Fresno, Pilar
9 (RLIN) 161667
245 13 - MENCIÓN DEL TÍTULO
Título La bibliofilia, una pasión--
Resto del título : diccionario breve /
Mención de responsabilidad, etc. Pilar Ruiz.
246 37 - FORMA VARIANTE DEL TITULO
Título propio/Titulo breve Diccionario de bibliofilia
260 ## - PUBLICACIÓN, DISTRIBUCIÓN, ETC.
Lugar de publicación, distribución, etc. Madrid :
Nombre del editor, distribuidor, etc. Promociones y Ediciones,
Fecha de publicación, distribución, etc. 2004.
300 ## - DESCRIPCIÓN FÍSICA
Extensión 126 p. ;
Dimensiones 25 cm.
504 ## - NOTA DE BIBLIOGRAFÍA, ETC.
Nota de bibliografía, etc. Bibliografía: p. 125-126.
650 #7 - PUNTO DE ACCESO ADICIONAL DE MATERIA--TÉRMINO DE MATERIA
Término de materia o nombre geográfico como elemento de entrada Bibliofilia-
Subdivisión de forma Diccionarios.
9 (RLIN) 161668
650 #4 - PUNTO DE ACCESO ADICIONAL DE MATERIA--TÉRMINO DE MATERIA
Término de materia o nombre geográfico como elemento de entrada Libros-
Subdivisión de forma Historia-
-- Diccionarios.
9 (RLIN) 148634
852 ## - LOCALIZACIÓN
Ubicación ES-MaACL
Número de control de estantería A-14007
Nota libre Encuadernación de guaflex
itemnumber 193773
Sublocalización o colección R.151304
Ubicación en estantería Depósito 1
Signatura antigua Olim: N-7007
942 ## - ELEMENTOS DE ENTRADA SECUNDARIOS (KOHA)
Fuente del sistema de clasificación o colocación Clasificación decimal universal
Tipo de ítem Koha Libro impreso
Holdings
Estatus retirado Estado de pérdida Fuente del sistema de clasificación o colocación Estado de daño No para préstamo Colección Biblioteca de origen Biblioteca actual Ubicación en estantería Fecha de adquisición Fuente de adquisición Total de préstamos Signatura topográfica completa Código de barras Visto por última vez Precio de reemplazo Tipo de ítem Koha
    Clasificación decimal universal     Colección de referencia Biblioteca del Ateneo de Madrid Biblioteca del Ateneo de Madrid Depósito 1 08/02/2017 Donación   A-14007 1196950 23/02/2023 23/02/2023 Libro impreso